| 000 | 01688nam a2200373 c 4500 | ||
|---|---|---|---|
| 003 | BLK | ||
| 005 | 20180422101450.0 | ||
| 008 | 180408b bul|||||r ||||||| ||bul|| | ||
| 010 | _aKNG00054092000 | ||
| 020 |
_a954-608-111-6 _bиздат.: Труд и право |
||
| 040 | _aBLK | ||
| 041 |
_aBUL _cBUL |
||
| 080 |
_aОсновни задачи на общественото управление _b351 _x:347.45/.47(497.2)(094.9) _z351:347.45/.47(497.2)(094.9) |
||
| 100 | 1 |
_aПавлова, Миглена _eпърви автор _9283067 |
|
| 700 | 1 |
_aГерджиков, Огнян Стефанов _eрец. _9366353 |
|
| 700 | 1 |
_aМарков, Методи _eрец. _9367784 |
|
| 710 | 1 |
_aБългария. Агенция по обществените поръчки _9283068 |
|
| 139 |
_aБългария. Агенция по обществените поръчки _bБ 92 |
||
| 245 | 1 | 0 |
_aНаръчник по обществени поръчки _cМиглена Павлова; рец. Огнян Стефанов Герджиков; рец. Методи Марков. |
| 257 | _aBGR | ||
| 260 |
_аСофия _bТруд и право _c2005 _fСофия : Д. Благоев |
||
| 300 |
_a624 с. _c21 см |
||
| 380 | _a3 | ||
| 650 | 4 |
_aДоговори - България - законодателни и директивни материали _9249120 |
|
| 653 | _aобществени поръчки | ||
| 653 | _aдоговори | ||
| 653 | _aзаконодателство | ||
| 653 | _aБългария | ||
| 852 | _aЦб 223909 | ||
| 856 | 4 |
_qpdf _u |
|
| 856 | 4 |
_qpdf _u |
|
| 942 |
_cKNG _n0 |
||
| 944 |
_aCR _c31.05.2005 _kЦветанка_Енчева |
||
| 944 |
_aED _c30.05.2016 _kВиолета_Тройчева |
||
| 999 |
_c50221 _d50221 |
||